[Event "CZE-ch U16"]
[Site "Kouty nad Desnou"]
[Date "2024.03.16"]
[Round "9"]
[White "Zelba, Lukas"]
[Black "Dvorak, Jan3"]
[Result "1-0"]
[WhiteElo "1979"]
[BlackElo "1903"]
[PlyCount "95"]
[EventDate "2024.03.09"]
[EventType "swiss"]
[EventRounds "9"]
[EventCountry "CZE"]
[SourceTitle "CB12_2024"]
[SourceDate "2023.10.01"]
[SourceVersion "1"]
[SourceVersionDate "2023.10.01"]
[SourceQuality "1"]

1. e4 e6 2. d4 d5 3. exd5 exd5 4. Bd3 Nc6 5. Ne2 Bd6 6. Nbc3 Nge7 7. Be3 a6 8. Qd2 Nb4 9. Nf4 Bxf4 10. Bxf4 Nxd3+ 11. Qxd3 Bf5 12. Qg3 Ng6 13. Bxc7 Qe7+ 14. Qe3 Qxe3+ 15. fxe3 Rc8 16. Bg3 Bxc2 17. Kd2 Be4 18. Rac1 0-0 19. Nxe4 dxe4 20. Rc3 Rxc3 21. bxc3 f5 22. Rb1 Rf7 23. c4 Rd7 24. Kc3 Ne7 25. a4 g5 26. d5 Ng6 27. Kd4 Kf7 28. c5 Ne7 29. Bd6 Nc8 30. Ke5 Kg6 31. a5 h5 32. g3 g4 33. Bb8 Re7+ 34. Kd4 Rd7 35. d6 Kf6 36. Kc4 Ke6 37. Bc7 Na7 38. Rxb7 Nc6 39. Rb6 Ne5+ 40. Kc3 Kd5 41. Rxa6 Kxc5 42. Ra8 Nc4 43. Rd8 Rxd8 44. Bxd8 Ne5 45. a6 Kc6 46. Bf6 Nd7 47. Bd4 f4 48. exf4 1-0

[Event "Stare Mesto op"]
[Site "Stare Mesto"]
[Date "2022.08.15"]
[Round "4"]
[White "Blazek, Matej"]
[Black "Zelba, Lukas"]
[Result "1/2-1/2"]
[WhiteElo "1828"]
[BlackElo "2013"]
[PlyCount "52"]
[EventDate "2022.08.12"]
[EventType "swiss"]
[EventRounds "9"]
[EventCountry "CZE"]
[SourceTitle "CBM 209 Extra"]
[Source "ChessBase"]
[SourceDate "2022.09.30"]
[SourceVersion "1"]
[SourceVersionDate "2022.09.30"]
[SourceQuality "1"]

1. e4 e6 2. d4 d5 3. Nd2 Nf6 4. e5 Nfd7 5. Bd3 c5 6. c3 Nc6 7. Ne2 cxd4 8. cxd4 f6 9. exf6 Qxf6 10. Nf3 h6 11. Nf4 Bb4+ 12. Kf1 g5 13. Ng6 Rg8 14. Nfe5 Nxd4 15. Qa4 a5 16. a3 b5 17. Qd1 Bc5 18. Ng4 Qg7 19. Be3 Bb7 20. Rc1 Rc8 21. Qe1 Kd8 22. Qxa5+ Bb6 23. Rxc8+ Bxc8 24. Qc3 e5 25. Bb1 e4 26. h3 Ba6 1/2-1/2

[Event "Stare Mesto op"]
[Site "Stare Mesto"]
[Date "2022.08.14"]
[Round "3"]
[White "Zelba, Lukas"]
[Black "Jasso, Matej"]
[Result "0-1"]
[WhiteElo "2013"]
[BlackElo "1873"]
[PlyCount "72"]
[EventDate "2022.08.12"]
[EventType "swiss"]
[EventRounds "9"]
[EventCountry "CZE"]
[SourceTitle "CBM 209 Extra"]
[Source "ChessBase"]
[SourceDate "2022.09.30"]
[SourceVersion "1"]
[SourceVersionDate "2022.09.30"]
[SourceQuality "1"]

1. Nf3 d5 2. c4 e6 3. g3 Nf6 4. Bg2 Be7 5. 0-0 0-0 6. b3 b6 7. Bb2 Bb7 8. e3 c5 9. Nc3 Nbd7 10. Rc1 Rc8 11. cxd5 Nxd5 12. Nxd5 Bxd5 13. Qe2 Bf6 14. Bc3 Qc7 15. Bxf6 Nxf6 16. d4 c4 17. Ne1 b5 18. e4 Bb7 19. bxc4 bxc4 20. Nc2 Qa5 21. e5 Bxg2 22. Kxg2 Nd5 23. Ne3 c3 24. Ra1 Rc7 25. a3 Nxe3+ 26. fxe3 c2 27. Qe1 Qb5 28. Qc1 Rfc8 29. Kf2 Qd3 30. Re1 Qc3 31. a4 Rb7 32. Ra3 Qc4 33. Ra1 Qd3 34. Re2 g6 35. Rd2 Qf5+ 36. Kg2 Rb1 0-1

[Event "Stare Mesto op"]
[Site "Stare Mesto"]
[Date "2022.08.12"]
[Round "1"]
[White "Zelba, Lukas"]
[Black "Stehlik, Jiri1111"]
[Result "1-0"]
[WhiteElo "2013"]
[BlackElo "1762"]
[PlyCount "105"]
[EventDate "2022.08.12"]
[EventType "swiss"]
[EventRounds "9"]
[EventCountry "CZE"]
[SourceTitle "CBM 209 Extra"]
[Source "ChessBase"]
[SourceDate "2022.09.30"]
[SourceVersion "1"]
[SourceVersionDate "2022.09.30"]
[SourceQuality "1"]

1. Nf3 d5 2. c4 c6 3. g3 g6 4. Bg2 Bg7 5. 0-0 Nf6 6. d4 0-0 7. Nc3 h6 8. e3 Be6 9. Qe2 Qc8 10. b3 Bh3 11. Ba3 Bxg2 12. Kxg2 Re8 13. Rac1 Qd8 14. Rfd1 e6 15. Nd2 Nbd7 16. f4 Bf8 17. Bxf8 Rxf8 18. b4 dxc4 19. Nxc4 Nd5 20. e4 Nxc3 21. Rxc3 Qe7 22. a3 Rfd8 23. Qc2 Nb6 24. Ne5 Nd7 25. Nc4 Nb6 26. Na5 Rd7 27. Nb3 Na4 28. Rcd3 Rad8 29. Nd2 Nb6 30. Nf3 f6 31. Qb3 Kg7 32. a4 a6 33. Ne1 e5 34. a5 Nc8 35. dxe5 fxe5 36. Qc3 Kh7 37. Qxe5 Qf7 38. Rxd7 Rxd7 39. Rxd7 Qxd7 40. Nf3 Qe7 41. Qxe7+ Nxe7 42. Nd4 Kg8 43. Ne6 Nc8 44. e5 Ne7 45. Nc5 Nd5 46. Nxb7 Nxb4 47. Nc5 Kf7 48. Kf3 h5 49. h3 Ke7 50. g4 hxg4+ 51. hxg4 Nc2 52. Ke4 Na3 53. Kd3 1-0

[Event "Prague op-A 20th"]
[Site "Prague"]
[Date "2022.01.07"]
[Round "1"]
[White "Zelba, Lukas"]
[Black "Unneland, Mathias"]
[Result "0-1"]
[WhiteElo "1903"]
[BlackElo "2262"]
[PlyCount "90"]
[EventDate "2022.01.07"]
[EventType "swiss"]
[EventRounds "9"]
[EventCountry "CZE"]
[SourceTitle "CBM 206 Extra"]
[Source "ChessBase"]
[SourceDate "2022.03.31"]
[SourceVersion "1"]
[SourceVersionDate "2022.03.31"]
[SourceQuality "1"]

1. d4 Nf6 2. Nf3 d5 3. Bf4 c5 4. c3 Qb6 5. Qb3 c4 6. Qc2 g6 7. Nbd2 Bf5 8. Qc1 Nc6 9. Be5 Nxe5 10. Nxe5 Bg7 11. g3 Ne4 12. Nef3 Bh6 13. Bg2 0-0 14. 0-0 Qe6 15. Re1 Bh3 16. Qc2 Bf5 17. Qd1 Rfd8 18. e3 Nf6 19. Ne5 Qb6 20. b3 cxb3 21. axb3 Nd7 22. Nxd7 Rxd7 23. g4 Be6 24. f4 Rc8 25. Rc1 Rdc7 26. Nb1 Qd6 27. Qf3 Qd7 28. h3 a5 29. Rcd1 f6 30. Bf1 Qd6 31. c4 dxc4 32. d5 Bd7 33. bxc4 b5 34. cxb5 Rb8 35. h4 Bxb5 36. g5 Bg7 37. Bh3 f5 38. e4 fxe4 39. Qxe4 Kh8 40. Rd2 Rc4 41. Qxe7 Qxf4 42. Rf1 Bd4+ 43. Kh1 Bc5 44. Qf6+ Qxf6 45. Rxf6 Rc1+ 0-1

[Event "EU Union-ch U12"]
[Site "Kouty nad Desnou"]
[Date "2021.08.19"]
[Round "6.3"]
[White "Tichy, Tomas1111"]
[Black "Zelba, Lukas"]
[Result "1-0"]
[WhiteElo "1513"]
[BlackElo "1982"]
[PlyCount "39"]
[EventDate "2021.08.14"]
[EventType "swiss"]
[EventRounds "9"]
[EventCountry "CZE"]
[SourceTitle "EXT 2022"]
[Source "ChessBase"]
[SourceDate "2021.10.06"]
[SourceVersion "1"]
[SourceVersionDate "2021.10.06"]
[SourceQuality "1"]

1. e4 e6 2. d4 d5 3. Nc3 Nf6 4. Bg5 Be7 5. e5 Nfd7 6. Bxe7 Qxe7 7. f4 a6 8. Nf3 c5 9. dxc5 Qxc5 10. Qd2 b5 11. 0-0-0 Nb6 12. Ne4 Qf8 13. Nd6+ Kd8 14. Ng5 Ra7 15. Qa5 Kc7 16. Nxb5+ axb5 17. Qxa7+ Bb7 18. Bxb5 h6 19. Nf3 Qb4 20. Nd4 1-0

[Event "EU Union-ch U12"]
[Site "Kouty nad Desnou"]
[Date "2021.08.16"]
[Round "3.4"]
[White "Srba, Daniel"]
[Black "Zelba, Lukas"]
[Result "0-1"]
[WhiteElo "1241"]
[BlackElo "1982"]
[PlyCount "142"]
[EventDate "2021.08.14"]
[EventType "swiss"]
[EventRounds "9"]
[EventCountry "CZE"]
[SourceTitle "EXT 2022"]
[Source "ChessBase"]
[SourceDate "2021.10.06"]
[SourceVersion "1"]
[SourceVersionDate "2021.10.06"]
[SourceQuality "1"]

1. e4 e6 2. d4 d5 3. e5 c5 4. dxc5 Nd7 5. Nf3 Bxc5 6. Bd3 Qc7 7. Qe2 Ne7 8. 0-0 Nc6 9. Re1 a6 10. c3 b5 11. b4 Be7 12. Nbd2 Ncb8 13. Nb3 Nb6 14. Bb2 N8d7 15. a3 Bb7 16. Rac1 0-0 17. Nbd4 Rfe8 18. Qc2 Nf8 19. Re2 Bc8 20. Rce1 Bd7 21. h3 Kh8 22. Kh1 Rac8 23. Qc1 Na4 24. Rc2 Ng6 25. Kg1 Qb6 26. Kh1 Rc7 27. Kg1 Rec8 28. Kh1 Ra7 29. Kg1 Qd8 30. Nb3 Rac7 31. Na5 Be8 32. Kh1 Bc6 33. Kg1 Ba8 34. Kh1 Nf8 35. Ree2 Nd7 36. Kg1 Ndb6 37. Ba1 h6 38. Re1 Kg8 39. Kh1 Kf8 40. Kg1 Kg8 41. Kh1 Kh8 42. Kg1 Qd7 43. Kh1 d4 44. Nxd4 Nd5 45. Be4 Naxc3 46. Bxd5 Nxd5 47. Ree2 Kg8 48. Rxc7 Rxc7 49. Rc2 Rxc2 50. Qxc2 Nf4 51. Qc1 Bg5 52. h4 Qd5 53. f3 Ne2 54. Qc8+ Bd8 55. Nxe2 Qd1+ 56. Ng1 Kh7 57. Qxa8 Bb6 58. Qe4+ Kg8 59. Qa8+ Kh7 60. Qe4+ g6 61. Kh2 Qxg1+ 62. Kh3 Bf2 63. Qf4 Qh1+ 64. Qh2 Qxa1 65. g4 Bb6 66. Qf4 Qf1+ 67. Kh2 Bg1+ 68. Kg3 Bf2+ 69. Kh2 Qg1+ 70. Kh3 Qh1+ 71. Qh2 Qxf3+ 0-1

[Event "EU Union-ch U12"]
[Site "Kouty nad Desnou"]
[Date "2020.08.22"]
[Round "9"]
[White "Zelba, Lukas"]
[Black "Grabs, Peter"]
[Result "1-0"]
[WhiteElo "1713"]
[BlackElo "1682"]
[PlyCount "97"]
[EventDate "2020.08.14"]
[EventType "swiss"]
[EventRounds "9"]
[EventCountry "CZE"]
[SourceTitle "EXT 2021"]
[Source "ChessBase"]
[SourceDate "2020.10.23"]
[SourceVersion "1"]
[SourceVersionDate "2020.10.23"]
[SourceQuality "1"]

1. d4 d5 2. Bf4 Nf6 3. e3 Bf5 4. c4 e6 5. Nc3 c6 6. Qb3 Qd7 7. Nf3 Be7 8. cxd5 exd5 9. Rc1 0-0 10. Ne5 Qc8 11. Bg5 Nbd7 12. g4 Be6 13. Qc2 h6 14. Nxd7 Bxd7 15. Bxf6 Bxf6 16. h3 Re8 17. Qd3 Be7 18. Nxd5 Qd8 19. Nxe7+ Qxe7 20. Bg2 Be6 21. a3 Qd6 22. 0-0 Qd7 23. e4 Rad8 24. Rfd1 f6 25. b4 h5 26. gxh5 f5 27. e5 Bf7 28. Qe2 Re7 29. f4 Qe8 30. b5 Bxh5 31. Qc4+ Bf7 32. Qc5 Bd5 33. bxc6 Bxg2 34. Kxg2 Rc7 35. d5 bxc6 36. d6 Qg6+ 37. Kh2 Rcd7 38. Qxc6 Qh6 39. Rf1 Qe6 40. Qc4 Qxc4 41. Rxc4 Rb7 42. Rf3 Kf7 43. Rfc3 Rb2+ 44. Kg3 Rh8 45. d7 Rbb8 46. Rc8 Rd8 47. Rxb8 Rxb8 48. Rc8 Rb3+ 49. Kg2 1-0

[Event "EU Union-ch U12"]
[Site "Kouty nad Desnou"]
[Date "2020.08.14"]
[Round "1"]
[White "Zelba, Lukas"]
[Black "Hetfleischova, Elen"]
[Result "1-0"]
[WhiteElo "1713"]
[BlackElo "1299"]
[PlyCount "57"]
[EventDate "2020.08.14"]
[EventType "swiss"]
[EventRounds "9"]
[EventCountry "CZE"]
[SourceTitle "EXT 2021"]
[Source "ChessBase"]
[SourceDate "2020.10.23"]
[SourceVersion "1"]
[SourceVersionDate "2020.10.23"]
[SourceQuality "1"]

1. d4 c5 2. e3 cxd4 3. exd4 Nf6 4. Nf3 Nc6 5. Bf4 Qb6 6. b3 d5 7. Be2 Bg4 8. c3 Rc8 9. h3 Bf5 10. Bd3 Be4 11. 0-0 e6 12. Ng5 Bxd3 13. Qxd3 h6 14. Nf3 Be7 15. Ne5 0-0 16. Nd2 Kh8 17. Be3 Qc7 18. Nxc6 Qxc6 19. Rac1 Qb6 20. f4 Nh5 21. g4 Nf6 22. Kg2 Qa5 23. Rc2 b6 24. f5 Ne4 25. Nxe4 dxe4 26. Qd2 e5 27. dxe5 Qxe5 28. Bd4 Qa5 29. Qxh6+ 1-0

[Event "Ceske Budejovice op-A"]
[Site "Ceske Budejovice"]
[Date "2020.07.07"]
[Round "7"]
[White "Sedivy, Karel"]
[Black "Zelba, Lukas"]
[Result "1/2-1/2"]
[WhiteElo "1722"]
[BlackElo "1762"]
[PlyCount "54"]
[EventDate "2020.07.01"]
[EventType "swiss"]
[EventRounds "9"]
[EventCountry "CZE"]
[SourceTitle "CBM 197 Extra"]
[Source "ChessBase"]
[SourceDate "2020.09.30"]
[SourceVersion "1"]
[SourceVersionDate "2020.09.30"]
[SourceQuality "1"]

1. Nf3 Nf6 2. g3 c5 3. c4 g6 4. Nc3 Nc6 5. Bg2 Bg7 6. 0-0 0-0 7. d3 d6 8. Bd2 e5 9. Bg5 h6 10. Bxf6 Bxf6 11. Nd5 Bg7 12. Qd2 Bg4 13. h3 Bxf3 14. Bxf3 f5 15. Bg2 g5 16. Kh1 Qd7 17. Rad1 Rae8 18. e3 Ne7 19. Nc3 f4 20. gxf4 gxf4 21. Rg1 Rf5 22. Qe2 Ref8 23. Be4 Rg5 24. Rg4 Kh8 25. Kh2 Rxg4 26. hxg4 Bf6 27. f3 fxe3 1/2-1/2

[Event "Ceske Budejovice op-A"]
[Site "Ceske Budejovice"]
[Date "2020.07.04"]
[Round "4"]
[White "Suliga, Eckhard"]
[Black "Zelba, Lukas"]
[Result "0-1"]
[WhiteElo "1650"]
[BlackElo "1762"]
[PlyCount "74"]
[EventDate "2020.07.01"]
[EventType "swiss"]
[EventRounds "9"]
[EventCountry "CZE"]
[SourceTitle "CBM 197 Extra"]
[Source "ChessBase"]
[SourceDate "2020.09.30"]
[SourceVersion "1"]
[SourceVersionDate "2020.09.30"]
[SourceQuality "1"]

1. e4 e6 2. d4 d5 3. Nc3 Bb4 4. e5 c5 5. a3 Ba5 6. Nf3 Ne7 7. Bd2 cxd4 8. Nxd4 Bc7 9. f4 a6 10. Bd3 Nbc6 11. Nf3 Bb6 12. Ne2 Bd7 13. c3 Qb8 14. Ned4 Qa7 15. Be3 Rc8 16. Rc1 h6 17. Bb1 Na5 18. Ba2 Nf5 19. Nxf5 Bxe3 20. Nd6+ Ke7 21. Nxc8+ Rxc8 22. Rc2 Ba4 23. b3 Nxb3 24. Qb1 Nc1 25. Rxc1 Bf2+ 26. Kf1 Bb5+ 27. c4 dxc4 28. Qb4+ Bc5 29. Qc3 Bb6 30. g3 Bc6 31. Kg2 Ba5 32. Qxa5 Qe3 33. Rhf1 Bxf3+ 34. Kh3 Qe2 35. Qb4+ Ke8 36. Qa4+ Ke7 37. Qc2 Bg2+ 0-1

[Event "CZE-ch U12"]
[Site "Kouty nad Desnou"]
[Date "2020.03.09"]
[Round "3"]
[White "Zelba, Lukas"]
[Black "Jasso, Matej"]
[Result "1-0"]
[WhiteElo "1727"]
[BlackElo "1582"]
[PlyCount "107"]
[EventDate "2020.03.07"]
[EventType "swiss"]
[EventRounds "7"]
[EventCountry "CZE"]
[SourceTitle "CBM 195 Extra"]
[Source "ChessBase"]
[SourceDate "2020.05.31"]
[SourceVersion "1"]
[SourceVersionDate "2020.05.31"]
[SourceQuality "1"]

1. Nf3 Nf6 2. c4 g6 3. Nc3 Bg7 4. g3 c6 5. Bg2 d5 6. d4 0-0 7. 0-0 Bf5 8. Qb3 Qb6 9. c5 Qc7 10. Bf4 Qc8 11. Rfe1 Nbd7 12. Nh4 Be6 13. Rad1 h6 14. Nf3 Nh5 15. Qc2 Nxf4 16. gxf4 Qc7 17. Ne5 Nxe5 18. fxe5 Qd7 19. e4 Bh3 20. exd5 Bxg2 21. e6 Qc7 22. Kxg2 Qf4 23. Re3 fxe6 24. dxe6 Rf5 25. Re4 Qf3+ 26. Kg1 Raf8 27. Rd2 Rg5+ 28. Kf1 Qg2+ 29. Ke2 Qf3+ 30. Kf1 Qh3+ 31. Ke2 Rg1 32. f4 Bxd4 33. Rexd4 Rf1 34. Qxg6+ Kh8 35. Qg3 Qxg3 36. hxg3 Rh1 37. Rd8 Rh2+ 38. Ke3 Rxd8 39. Rxd8+ Kg7 40. Ne2 Kf6 41. Rd7 Kxe6 42. Rxb7 Rh5 43. Nd4+ Kd5 44. Rxe7 Rh3 45. Re5+ Kc4 46. Ne2 h5 47. f5 h4 48. Re4+ Kxc5 49. Rxh4 Rxh4 50. gxh4 Kd5 51. h5 Ke5 52. h6 Kf6 53. Nd4 c5 54. Ne6 1-0